| 000 | 00645nam a2200121Ia 4500 | ||
|---|---|---|---|
| 008 | 220615s9999||||xx |||||||||||||| ||und|| | ||
| 245 | 0 |
_aRelations between Immigration and Integration Policies in Europe _bChallenges, Opportunities and Perspectives in Selected EU Member States |
|
| 546 | _aEnglish[eng] | ||
| 650 | _aEU||Europe||Challenges||Duszczyk||Immigration||integration||Maciej||Member||Opportunities||Perspectives||Policies||Relations||Selected||States | ||
| 700 | _aDuszczyk, Maciej||Pachocka, Marta||Pszczółkowska, Dominika | ||
| 856 | _uhttps://library.oapen.org/bitstream/20.500.12657/22440/1/9780367208431_text.pdf | ||
| 942 | _cEB | ||
| 999 |
_c7643 _d7643 |
||